00401pab a2200133 454500008004000000100001600040245009100056260000900147300001500156650002900171650001200200700001800212773003700230180718b2012 xxu||||| |||| 00| 0 eng d aSingh, Gian aIndebtedness among marginal and small farmers in rural Punjab: Inter-district analysis c2012 ap.154-176. aFarmers - India - Punjab aFarmers aKaur, Sukhvir aResearch Journal Social Sciences